Összegyűjtött írásai Nyolcadik kötet (1956-1958). Ujságcikkek, tanulmányok

Bibliographic Details
Main Author: Fábry, Zoltán, 1897-1970 (Author)
Other Authors: Fónod, Zoltán, 1930-2021 (Compiler), Alabán, František, 1951- ([ADC])
Format: Book
Language:Hungarian
PhysicalDescription:423 s., 29,29 AH 21 cm
Published: Bratislava Madách 1989
ISBN:8070890169
Edition:1., kiad.

MARC

LEADER 00000nam a2200000 a 4500
001 vtls001081361
003 SK-MaSNL
005 20260302064027.0
008 250414s1989 CS 0 hun
015 |a SNBA1989/06 
020 |a 8070890169 
035 |a SNK000024199 
040 |a SNK  |b slo  |c SNK  |e AACR2 
041 0 |a hun 
044 |a [CS] 
080 |a 894.511 (437)-9=945.11  |2 1981 
100 1 |a Fábry, Zoltán,  |d 1897-1970  |4 aut  |9 105120 
245 1 0 |a Összegyűjtött írásai  |b Nyolcadik kötet (1956-1958). Ujságcikkek, tanulmányok  |c Zoltán Fábry ; Zoltán Fónod, Alabán Ferenc, René Murat, Ernő Reguli 
250 |a 1., kiad. 
260 |a Bratislava  |b Madách  |c 1989  |e Košice  |f Východoslovenské tlačiarne 
300 |a 423 s., 29,29 AH  |c 21 cm 
366 |e 2150 výtl. 
500 |a Rozlož. tit. list. Bibliogr. 1450 výtl. pre Szépirodalmi Könyvkiadó, Budapest. 
700 1 |a Fónod, Zoltán,  |d 1930-2021  |4 com  |9 220458 
700 1 |a Alabán, František,  |d 1951-  |4 [ADC]  |9 50268 
700 1 |a Murat, René,  |d 1923-1993  |4 bkd  |9 244908 
700 1 |a Reguli, Ernő  |4 oth  |9 377568 
852 |a Slovenská národná knižnica 
919 |a 80-7089-016-9 
958 |a LX 
958 |a TL 
958 |a HU 
958 |a OND 
999 |c 1135366  |d 1137296 
952 |t P60, <04>, [BOOK], {604}  |a SNK  |b SNK  |y VYP  |7 0  |p 17A0338606  |o snkSC 48953/8 D2  |i snkKSP 3737/2002  |0 0  |1 0  |4 0  |d 2002-04-05  |l 0  |r 2004-12-31 00:00:00  |w 2026-02-24 
952 |a SNK  |b SNK  |y PREZ  |7 0  |p 17A0826137  |o snkSC 48953/8  |0 0  |1 0  |4 0  |d 2012-08-01  |l 0  |r 2025-10-31 00:00:00  |w 2026-02-24